[Event "Deutsche Ländermeisterschaft 2024"]
[Site "Tübingen GER"]
[Date "2024.10.06"]
[Round "7"]
[White "Mader, Fabian"]
[Black "Kieselbach, Jannik"]
[Result "1/2-1/2"]
[Termination "normal"]
[Board "3.4"]
[WhiteElo "1963"]
[BlackElo "2014"]
[WhiteClock "00:39:36"]
[BlackClock "00:40:06"]
[WhiteTeam "Rheinland-Pfalz"]
[BlackTeam "Niedersachsen"]
[PlyCount "56"]
[WhiteFideId "16265866"]
[BlackFideId "16246403"]
[EventCountry "GER"]
[EventRounds "7"]
[EventType "team-swiss"]
[EventDate "2024.10.02"]

1. e4 {[%clk 01:30:57]} {[%emt 00:00:02]} e5 {[%clk 01:30:52]} {[%emt
00:00:08]} 2. Nf3 {[%clk 01:31:21]} {[%emt 00:00:07]} Nc6 {[%clk 01:31:13]}
{[%emt 00:00:09]} 3. Bc4 {[%clk 01:31:45]} {[%emt 00:00:06]} Bc5 {[%clk
01:31:36]} {[%emt 00:00:07]} 4. c3 {[%clk 01:31:48]} {[%emt 00:00:28]} Nf6
{[%clk 01:31:51]} {[%emt 00:00:14]} 5. d3 {[%clk 01:32:11]} {[%emt 00:00:07]}
a6 {[%clk 01:32:02]} {[%emt 00:00:19]} 6. a4 {[%clk 01:32:05]} {[%emt
00:00:37]} d6 {[%clk 01:31:46]} {[%emt 00:00:44]} 7. O-O {[%clk 01:31:54]}
{[%emt 00:00:43]} O-O {[%clk 01:31:58]} {[%emt 00:00:16]} 8. Nbd2 {[%clk
01:31:47]} {[%emt 00:00:38]} Ba7 {[%clk 01:32:09]} {[%emt 00:00:19]} 9. h3
{[%clk 01:31:45]} {[%emt 00:00:32]} Ne7 {[%clk 01:29:00]} {[%emt 00:03:39]} 10.
Re1 {[%clk 01:31:20]} {[%emt 00:00:55]} Ng6 {[%clk 01:28:51]} {[%emt 00:00:38]}
11. Nf1 {[%clk 01:31:05]} {[%emt 00:00:45]} c6 {[%clk 01:24:07]} {[%emt
00:05:15]} 12. Bb3 {[%clk 01:27:46]} {[%emt 00:03:50]} Re8 {[%clk 01:23:27]}
{[%emt 00:01:08]} 13. Ng3 {[%clk 01:23:34]} {[%emt 00:04:43]} Be6 {[%clk
01:22:20]} {[%emt 00:01:37]} 14. Bxe6 {[%clk 01:20:29]} {[%emt 00:03:36]} Rxe6
{[%clk 01:22:00]} {[%emt 00:00:48]} 15. d4 {[%clk 01:14:35]} {[%emt 00:06:26]}
Qc7 {[%clk 01:17:37]} {[%emt 00:04:52]} 16. Qc2 {[%clk 01:10:14]} {[%emt
00:04:51]} h6 {[%clk 01:10:53]} {[%emt 00:07:14]} 17. Be3 {[%clk 01:06:55]}
{[%emt 00:03:50]} d5 {[%clk 01:02:59]} {[%emt 00:08:23]} 18. dxe5 {[%clk
01:02:56]} {[%emt 00:04:29]} Bxe3 {[%clk 01:02:35]} {[%emt 00:00:54]} 19. Rxe3
{[%clk 01:02:57]} {[%emt 00:00:28]} Nxe5 {[%clk 01:00:30]} {[%emt 00:02:35]}
20. Nxe5 {[%clk 01:02:27]} {[%emt 00:01:01]} Qxe5 {[%clk 00:51:25]} {[%emt
00:09:34]} 21. exd5 {[%clk 00:50:43]} {[%emt 00:12:15]} Qxd5 {[%clk 00:51:07]}
{[%emt 00:00:47]} 22. c4 {[%clk 00:49:53]} {[%emt 00:01:22]} Qd7 {[%clk
00:51:02]} {[%emt 00:00:34]} 23. Rd1 {[%clk 00:49:37]} {[%emt 00:00:46]} Qe8
{[%clk 00:50:44]} {[%emt 00:00:48]} 24. Rde1 {[%clk 00:46:03]} {[%emt
00:04:05]} Rxe3 {[%clk 00:50:57]} {[%emt 00:00:16]} 25. Rxe3 {[%clk 00:46:27]}
{[%emt 00:00:06]} Qd7 {[%clk 00:49:48]} {[%emt 00:01:39]} 26. Qe2 {[%clk
00:40:53]} {[%emt 00:06:04]} Re8 {[%clk 00:42:39]} {[%emt 00:07:38]} 27. Rxe8+
{[%clk 00:40:19]} {[%emt 00:01:05]} Nxe8 {[%clk 00:42:55]} {[%emt 00:00:12]}
28. Ne4 {[%clk 00:39:36]} {[%emt 00:01:15]} Qd4 {[%clk 00:40:06]} {[%emt
00:03:19]} 1/2-1/2

[Event "Deutsche Ländermeisterschaft 2024"]
[Site "Tübingen GER"]
[Date "2024.10.06"]
[Round "7"]
[White "Bundan, Edward"]
[Black "Müller, Riyanna"]
[Result "0-1"]
[Termination "normal"]
[Board "3.5"]
[WhiteElo "1952"]
[BlackElo "2014"]
[WhiteClock "00:16:19"]
[BlackClock "00:11:10"]
[WhiteTeam "Niedersachsen"]
[BlackTeam "Rheinland-Pfalz"]
[PlyCount "124"]
[WhiteFideId "34603042"]
[BlackFideId "16287401"]
[EventCountry "GER"]
[EventRounds "7"]
[EventType "team-swiss"]
[EventDate "2024.10.02"]

1. e4 {[%clk 01:30:59]} {[%emt 00:00:01]} c6 {[%clk 01:30:54]} {[%emt
00:00:06]} 2. d4 {[%clk 01:31:24]} {[%emt 00:00:05]} d5 {[%clk 01:31:18]}
{[%emt 00:00:06]} 3. e5 {[%clk 01:31:49]} {[%emt 00:00:05]} Bf5 {[%clk
01:31:37]} {[%emt 00:00:11]} 4. Nf3 {[%clk 01:32:12]} {[%emt 00:00:06]} e6
{[%clk 01:31:33]} {[%emt 00:00:34]} 5. Be2 {[%clk 01:32:29]} {[%emt 00:00:13]}
c5 {[%clk 01:30:46]} {[%emt 00:01:17]} 6. c3 {[%clk 01:32:32]} {[%emt
00:00:27]} Nc6 {[%clk 01:30:36]} {[%emt 00:00:40]} 7. O-O {[%clk 01:32:24]}
{[%emt 00:00:38]} Bg6 {[%clk 01:23:19]} {[%emt 00:07:47]} 8. a3 {[%clk
01:32:27]} {[%emt 00:00:28]} Qb6 {[%clk 01:21:53]} {[%emt 00:01:56]} 9. b4
{[%clk 01:30:01]} {[%emt 00:02:55]} cxd4 {[%clk 01:22:16]} {[%emt 00:00:07]}
10. cxd4 {[%clk 01:30:10]} {[%emt 00:00:22]} Nge7 {[%clk 01:22:29]} {[%emt
00:00:16]} 11. Nc3 {[%clk 01:26:53]} {[%emt 00:03:47]} Nf5 {[%clk 01:19:42]}
{[%emt 00:03:17]} 12. Na4 {[%clk 01:26:19]} {[%emt 00:01:04]} Qd8 {[%clk
01:19:10]} {[%emt 00:01:02]} 13. Bb2 {[%clk 01:23:18]} {[%emt 00:03:31]} Be7
{[%clk 01:17:56]} {[%emt 00:01:44]} 14. Rc1 {[%clk 01:21:34]} {[%emt 00:02:13]}
O-O {[%clk 01:17:37]} {[%emt 00:00:50]} 15. Nc5 {[%clk 01:19:59]} {[%emt
00:02:06]} Bxc5 {[%clk 01:08:05]} {[%emt 00:10:02]} 16. Rxc5 {[%clk 01:19:01]}
{[%emt 00:01:28]} Rc8 {[%clk 01:06:44]} {[%emt 00:01:51]} 17. Qd2 {[%clk
01:16:29]} {[%emt 00:03:01]} Nh4 {[%clk 01:01:07]} {[%emt 00:06:07]} 18. b5
{[%clk 01:11:52]} {[%emt 00:05:08]} Nxf3+ {[%clk 01:01:22]} {[%emt 00:00:14]}
19. gxf3 {[%clk 01:09:45]} {[%emt 00:02:37]} Ne7 {[%clk 01:01:17]} {[%emt
00:00:36]} 20. Rfc1 {[%clk 01:09:04]} {[%emt 00:01:11]} Rxc5 {[%clk 00:59:13]}
{[%emt 00:02:34]} 21. Rxc5 {[%clk 01:07:28]} {[%emt 00:02:06]} Nf5 {[%clk
00:57:56]} {[%emt 00:01:47]} 22. Qf4 {[%clk 01:00:31]} {[%emt 00:07:27]} Bh5
{[%clk 00:48:07]} {[%emt 00:10:17]} 23. Kf1 {[%clk 00:56:44]} {[%emt 00:04:18]}
h6 {[%clk 00:34:45]} {[%emt 00:13:52]} 24. h3 {[%clk 00:47:14]} {[%emt
00:10:01]} Re8 {[%clk 00:22:59]} {[%emt 00:12:16]} 25. Ke1 {[%clk 00:28:11]}
{[%emt 00:19:33]} Nh4 {[%clk 00:14:46]} {[%emt 00:08:42]} 26. Kf1 {[%clk
00:24:47]} {[%emt 00:03:53]} Nf5 {[%clk 00:15:09]} {[%emt 00:00:07]} 27. Ke1
{[%clk 00:24:24]} {[%emt 00:00:54]} Qb6 {[%clk 00:15:32]} {[%emt 00:00:07]} 28.
Qc1 {[%clk 00:23:15]} {[%emt 00:01:39]} Nh4 {[%clk 00:13:22]} {[%emt 00:02:39]}
29. f4 {[%clk 00:22:30]} {[%emt 00:01:14]} Bxe2 {[%clk 00:13:20]} {[%emt
00:00:34]} 30. Kxe2 {[%clk 00:22:51]} {[%emt 00:00:08]} a6 {[%clk 00:12:43]}
{[%emt 00:01:07]} 31. a4 {[%clk 00:21:39]} {[%emt 00:01:43]} Nf5 {[%clk
00:12:22]} {[%emt 00:00:50]} 32. Qc3 {[%clk 00:21:11]} {[%emt 00:00:59]} axb5
{[%clk 00:11:09]} {[%emt 00:01:43]} 33. Rxb5 {[%clk 00:20:03]} {[%emt
00:01:37]} Qa7 {[%clk 00:10:19]} {[%emt 00:01:19]} 34. Qb4 {[%clk 00:18:22]}
{[%emt 00:02:12]} Re7 {[%clk 00:10:15]} {[%emt 00:00:35]} 35. Ra5 {[%clk
00:18:02]} {[%emt 00:00:50]} Qb8 {[%clk 00:10:17]} {[%emt 00:00:27]} 36. Rc5
{[%clk 00:15:21]} {[%emt 00:03:11]} Kh7 {[%clk 00:08:18]} {[%emt 00:02:29]} 37.
Qb6 {[%clk 00:13:41]} {[%emt 00:02:12]} Qe8 {[%clk 00:08:00]} {[%emt 00:00:47]}
38. Rb5 {[%clk 00:11:08]} {[%emt 00:03:02]} Rd7 {[%clk 00:05:34]} {[%emt
00:02:56]} 39. Rc5 {[%clk 00:08:00]} {[%emt 00:03:38]} Qe7 {[%clk 00:05:40]}
{[%emt 00:00:24]} 40. Qb5 {[%clk 00:04:16]} {[%emt 00:04:14]} Rc7 {[%clk
00:01:23]} {[%emt 00:04:47]} 41. Rxc7 {[%clk 00:01:10]} {[%emt 00:03:36]} Qxc7
{[%clk 00:01:41]} {[%emt 00:00:13]} 42. Kd3 {[%clk 00:29:10]} {[%emt 00:02:29]}
Kg6 {[%clk 00:30:26]} {[%emt 00:01:46]} 43. Ba3 {[%clk 00:27:50]} {[%emt
00:01:50]} b6 {[%clk 00:28:16]} {[%emt 00:02:40]} 44. Qb3 {[%clk 00:26:52]}
{[%emt 00:01:28]} Qd8 {[%clk 00:28:13]} {[%emt 00:00:33]} 45. Qd1 {[%clk
00:26:15]} {[%emt 00:01:04]} Kh7 {[%clk 00:27:24]} {[%emt 00:01:21]} 46. Qe2
{[%clk 00:22:14]} {[%emt 00:04:30]} Qa8 {[%clk 00:25:59]} {[%emt 00:01:57]} 47.
Qc2 {[%clk 00:20:49]} {[%emt 00:01:53]} Qa6+ {[%clk 00:25:43]} {[%emt
00:00:46]} 48. Kd2 {[%clk 00:21:04]} {[%emt 00:00:16]} Qf1 {[%clk 00:26:03]}
{[%emt 00:00:10]} 49. Qd3 {[%clk 00:18:22]} {[%emt 00:03:13]} Qxf2+ {[%clk
00:26:14]} {[%emt 00:00:18]} 50. Kc3 {[%clk 00:18:29]} {[%emt 00:00:23]} Qxf4
{[%clk 00:25:26]} {[%emt 00:01:18]} 51. Bb2 {[%clk 00:17:37]} {[%emt 00:01:23]}
g5 {[%clk 00:22:56]} {[%emt 00:02:59]} 52. Kb4 {[%clk 00:17:49]} {[%emt
00:00:18]} Qe3 {[%clk 00:23:08]} {[%emt 00:00:18]} 53. Qb5 {[%clk 00:17:21]}
{[%emt 00:00:58]} Nxd4 {[%clk 00:16:27]} {[%emt 00:07:11]} 54. Bxd4 {[%clk
00:17:24]} {[%emt 00:00:26]} Qxd4+ {[%clk 00:16:50]} {[%emt 00:00:08]} 55. Kb3
{[%clk 00:17:43]} {[%emt 00:00:11]} Qe3+ {[%clk 00:14:20]} {[%emt 00:03:00]}
56. Ka2 {[%clk 00:17:45]} {[%emt 00:00:28]} Qf2+ {[%clk 00:14:06]} {[%emt
00:00:45]} 57. Kb3 {[%clk 00:17:48]} {[%emt 00:00:25]} h5 {[%clk 00:14:24]}
{[%emt 00:00:13]} 58. Qe8 {[%clk 00:17:52]} {[%emt 00:00:26]} d4 {[%clk
00:10:29]} {[%emt 00:04:25]} 59. Qe7 {[%clk 00:17:55]} {[%emt 00:00:27]} Qf4
{[%clk 00:10:30]} {[%emt 00:00:28]} 60. Kc2 {[%clk 00:16:51]} {[%emt 00:01:35]}
Kg6 {[%clk 00:10:31]} {[%emt 00:00:29]} 61. Qf8 {[%clk 00:16:25]} {[%emt
00:00:57]} Qxe5 {[%clk 00:10:50]} {[%emt 00:00:10]} 62. Qg8+ {[%clk 00:16:19]}
{[%emt 00:00:36]} Qg7 {[%clk 00:11:10]} {[%emt 00:00:10]} 0-1

[Event "Deutsche Ländermeisterschaft 2024"]
[Site "Tübingen GER"]
[Date "2024.10.06"]
[Round "7"]
[White "Vranckx, Oscar"]
[Black "Wilmink, Anna"]
[Result "1/2-1/2"]
[Termination "normal"]
[Board "3.6"]
[WhiteElo "1933"]
[BlackElo "1908"]
[WhiteClock "01:02:27"]
[BlackClock "00:07:47"]
[WhiteTeam "Rheinland-Pfalz"]
[BlackTeam "Niedersachsen"]
[PlyCount "107"]
[WhiteFideId "34608788"]
[BlackFideId "16273680"]
[EventCountry "GER"]
[EventRounds "7"]
[EventType "team-swiss"]
[EventDate "2024.10.02"]

1. e4 {[%clk 01:30:54]} {[%emt 00:00:05]} c5 {[%clk 01:30:53]} {[%emt
00:00:07]} 2. Nf3 {[%clk 01:31:20]} {[%emt 00:00:04]} Nc6 {[%clk 01:31:17]}
{[%emt 00:00:06]} 3. d4 {[%clk 01:31:44]} {[%emt 00:00:06]} cxd4 {[%clk
01:31:44]} {[%emt 00:00:03]} 4. Nxd4 {[%clk 01:32:06]} {[%emt 00:00:07]} e5
{[%clk 01:32:09]} {[%emt 00:00:06]} 5. Nb5 {[%clk 01:32:31]} {[%emt 00:00:05]}
a6 {[%clk 01:32:30]} {[%emt 00:00:09]} 6. Nd6+ {[%clk 01:31:34]} {[%emt
00:01:28]} Bxd6 {[%clk 01:32:52]} {[%emt 00:00:07]} 7. Qxd6 {[%clk 01:31:56]}
{[%emt 00:00:07]} Qf6 {[%clk 01:33:20]} {[%emt 00:00:04]} 8. Qd1 {[%clk
01:31:57]} {[%emt 00:00:27]} Qg6 {[%clk 01:33:26]} {[%emt 00:00:24]} 9. Nc3
{[%clk 01:30:54]} {[%emt 00:01:33]} d5 {[%clk 01:33:37]} {[%emt 00:00:20]} 10.
Nxd5 {[%clk 01:27:50]} {[%emt 00:03:34]} Qxe4+ {[%clk 01:33:57]} {[%emt
00:00:09]} 11. Ne3 {[%clk 01:28:16]} {[%emt 00:00:05]} Nge7 {[%clk 01:16:14]}
{[%emt 00:18:13]} 12. Bd3 {[%clk 01:27:37]} {[%emt 00:01:09]} Qh4 {[%clk
01:13:25]} {[%emt 00:03:19]} 13. O-O {[%clk 01:25:37]} {[%emt 00:02:30]} Be6
{[%clk 01:10:08]} {[%emt 00:03:46]} 14. Qe1 {[%clk 01:19:08]} {[%emt 00:06:59]}
O-O {[%clk 01:06:07]} {[%emt 00:04:32]} 15. f3 {[%clk 01:09:03]} {[%emt
00:10:35]} Qd4 {[%clk 01:03:32]} {[%emt 00:03:05]} 16. Qf2 {[%clk 01:07:36]}
{[%emt 00:01:57]} Rac8 {[%clk 00:57:19]} {[%emt 00:06:43]} 17. Be4 {[%clk
01:02:07]} {[%emt 00:05:59]} Rfd8 {[%clk 00:53:37]} {[%emt 00:04:12]} 18. c3
{[%clk 01:01:57]} {[%emt 00:00:40]} Qb6 {[%clk 00:50:15]} {[%emt 00:03:52]} 19.
b3 {[%clk 01:00:37]} {[%emt 00:01:50]} Rd7 {[%clk 00:47:36]} {[%emt 00:03:09]}
20. Bb2 {[%clk 00:59:51]} {[%emt 00:01:16]} Rcd8 {[%clk 00:44:54]} {[%emt
00:03:12]} 21. Rad1 {[%clk 00:59:51]} {[%emt 00:00:30]} Rxd1 {[%clk 00:37:30]}
{[%emt 00:07:55]} 22. Rxd1 {[%clk 01:00:13]} {[%emt 00:00:07]} Rxd1+ {[%clk
00:37:37]} {[%emt 00:00:23]} 23. Nxd1 {[%clk 01:00:35]} {[%emt 00:00:08]} Qxf2+
{[%clk 00:37:33]} {[%emt 00:00:33]} 24. Nxf2 {[%clk 01:00:46]} {[%emt
00:00:19]} Bf5 {[%clk 00:37:17]} {[%emt 00:00:46]} 25. Ba3 {[%clk 00:59:13]}
{[%emt 00:02:03]} b5 {[%clk 00:32:22]} {[%emt 00:05:25]} 26. Bd6 {[%clk
00:58:40]} {[%emt 00:01:03]} f6 {[%clk 00:28:07]} {[%emt 00:04:45]} 27. Nd3
{[%clk 00:58:31]} {[%emt 00:00:39]} Kf7 {[%clk 00:23:46]} {[%emt 00:04:51]} 28.
Nc5 {[%clk 00:57:06]} {[%emt 00:01:56]} a5 {[%clk 00:22:35]} {[%emt 00:01:40]}
29. Bc7 {[%clk 00:53:10]} {[%emt 00:04:26]} Bxe4 {[%clk 00:18:43]} {[%emt
00:04:23]} 30. fxe4 {[%clk 00:52:11]} {[%emt 00:01:28]} Ke8 {[%clk 00:14:34]}
{[%emt 00:04:38]} 31. Nb7 {[%clk 00:50:58]} {[%emt 00:01:44]} Kd7 {[%clk
00:14:38]} {[%emt 00:00:27]} 32. Bb6 {[%clk 00:51:21]} {[%emt 00:00:07]} Nc8
{[%clk 00:14:01]} {[%emt 00:01:06]} 33. Bxa5 {[%clk 00:51:40]} {[%emt
00:00:11]} Nxa5 {[%clk 00:14:10]} {[%emt 00:00:21]} 34. Nxa5 {[%clk 00:52:05]}
{[%emt 00:00:05]} Nd6 {[%clk 00:14:12]} {[%emt 00:00:29]} 35. b4 {[%emt
00:01:13]} Nxe4 {[%clk 00:12:26]} {[%emt 00:02:14]} 36. c4 {[%clk 00:51:44]}
{[%emt 00:00:10]} bxc4 {[%clk 00:09:14]} {[%emt 00:03:42]} 37. Nxc4 {[%clk
00:52:08]} {[%emt 00:00:05]} Kc6 {[%clk 00:09:27]} {[%emt 00:00:17]} 38. a4
{[%clk 00:51:44]} {[%emt 00:00:54]} Nc3 {[%clk 00:09:14]} {[%emt 00:00:44]} 39.
b5+ {[%clk 00:50:37]} {[%emt 00:01:37]} Kb7 {[%clk 00:05:20]} {[%emt 00:04:23]}
40. Nb2 {[%clk 00:50:10]} {[%emt 00:00:57]} g6 {[%clk 00:04:14]} {[%emt
00:01:36]} 41. Kf2 {[%clk 00:50:07]} {[%emt 00:00:32]} f5 {[%clk 00:30:27]}
{[%emt 00:04:19]} 42. Ke3 {[%clk 01:19:09]} {[%emt 00:01:28]} Nd5+ {[%clk
00:29:06]} {[%emt 00:01:50]} 43. Kd2 {[%clk 01:18:54]} {[%emt 00:00:45]} e4
{[%clk 00:27:16]} {[%emt 00:02:21]} 44. a5 {[%clk 01:17:17]} {[%emt 00:02:07]}
f4 {[%clk 00:24:53]} {[%emt 00:02:52]} 45. Nc4 {[%clk 01:17:09]} {[%emt
00:00:38]} e3+ {[%clk 00:24:14]} {[%emt 00:01:10]} 46. Kd3 {[%clk 01:16:13]}
{[%emt 00:01:27]} Nb4+ {[%clk 00:22:01]} {[%emt 00:02:42]} 47. Ke2 {[%clk
01:16:31]} {[%emt 00:00:12]} Nc2 {[%clk 00:16:28]} {[%emt 00:06:03]} 48. b6
{[%clk 01:16:25]} {[%emt 00:00:36]} Nd4+ {[%clk 00:15:54]} {[%emt 00:01:03]}
49. Ke1 {[%clk 01:15:58]} {[%emt 00:00:57]} Nc6 {[%clk 00:13:56]} {[%emt
00:02:28]} 50. Ke2 {[%clk 01:12:07]} {[%emt 00:04:22]} Ka6 {[%clk 00:13:03]}
{[%emt 00:01:22]} 51. h4 {[%clk 01:08:40]} {[%emt 00:03:58]} h6 {[%clk
00:11:25]} {[%emt 00:02:08]} 52. Kd3 {[%clk 01:07:25]} {[%emt 00:01:43]} Kb5
{[%clk 00:10:03]} {[%emt 00:01:54]} 53. b7 {[%clk 01:03:28]} {[%emt 00:04:27]}
Ka6 {[%clk 00:07:47]} {[%emt 00:02:46]} 54. g3 {[%clk 01:02:27]} {[%emt
00:01:30]} 1/2-1/2

[Event "Deutsche Ländermeisterschaft 2024"]
[Site "Tübingen GER"]
[Date "2024.10.06"]
[Round "7"]
[White "Krannich, Eva"]
[Black "Baklan, Kira"]
[Result "0-1"]
[Termination "normal"]
[Board "3.8"]
[WhiteElo "1582"]
[BlackElo "1550"]
[WhiteClock "00:22:37"]
[BlackClock "00:06:29"]
[WhiteTeam "Rheinland-Pfalz"]
[BlackTeam "Niedersachsen"]
[PlyCount "112"]
[WhiteFideId "34639713"]
[BlackFideId "34186514"]
[EventCountry "GER"]
[EventRounds "7"]
[EventType "team-swiss"]
[EventDate "2024.10.02"]

1. e4 {[%clk 01:30:58]} {[%emt 00:00:01]} e5 {[%clk 01:30:54]} {[%emt
00:00:06]} 2. Nf3 {[%clk 01:31:23]} {[%emt 00:00:06]} d6 {[%clk 01:31:18]}
{[%emt 00:00:05]} 3. Bc4 {[%clk 01:31:42]} {[%emt 00:00:11]} Be7 {[%clk
01:31:36]} {[%emt 00:00:11]} 4. d3 {[%clk 01:32:00]} {[%emt 00:00:13]} Nf6
{[%clk 01:31:42]} {[%emt 00:00:25]} 5. Bb3 {[%clk 01:32:15]} {[%emt 00:00:13]}
h6 {[%clk 01:30:08]} {[%emt 00:02:06]} 6. c3 {[%clk 01:32:21]} {[%emt
00:00:24]} Bg4 {[%clk 01:28:18]} {[%emt 00:02:20]} 7. Nbd2 {[%clk 01:30:56]}
{[%emt 00:01:54]} Nc6 {[%clk 01:18:50]} {[%emt 00:09:58]} 8. Nf1 {[%clk
01:29:38]} {[%emt 00:01:49]} Bh5 {[%clk 01:13:54]} {[%emt 00:05:26]} 9. Ng3
{[%clk 01:28:07]} {[%emt 00:02:00]} Bg6 {[%clk 01:12:12]} {[%emt 00:02:12]} 10.
h3 {[%clk 01:27:16]} {[%emt 00:01:21]} d5 {[%clk 01:07:59]} {[%emt 00:04:43]}
11. Qe2 {[%clk 01:27:17]} {[%emt 00:00:29]} dxe4 {[%clk 00:59:39]} {[%emt
00:08:50]} 12. dxe4 {[%clk 01:27:33]} {[%emt 00:00:14]} O-O {[%clk 00:59:35]}
{[%emt 00:00:34]} 13. Bc2 {[%clk 01:25:17]} {[%emt 00:02:46]} a6 {[%clk
00:58:25]} {[%emt 00:01:39]} 14. a4 {[%clk 01:21:07]} {[%emt 00:04:40]} Rb8
{[%clk 00:55:52]} {[%emt 00:03:04]} 15. a5 {[%clk 01:20:52]} {[%emt 00:00:45]}
Na7 {[%clk 00:48:50]} {[%emt 00:07:32]} 16. O-O {[%clk 01:19:07]} {[%emt
00:02:15]} Bd6 {[%clk 00:46:24]} {[%emt 00:02:56]} 17. Rd1 {[%clk 01:13:13]}
{[%emt 00:06:24]} Qe7 {[%clk 00:44:43]} {[%emt 00:02:11]} 18. Nh2 {[%clk
01:11:13]} {[%emt 00:02:31]} Kh8 {[%clk 00:43:13]} {[%emt 00:01:59]} 19. Ng4
{[%clk 01:09:59]} {[%emt 00:01:44]} Nh5 {[%clk 00:41:05]} {[%emt 00:02:38]} 20.
Nxh6 {[%clk 01:08:24]} {[%emt 00:02:06]} Nxg3 {[%clk 00:39:43]} {[%emt
00:01:51]} 21. Nxf7+ {[%clk 01:08:32]} {[%emt 00:00:22]} Rxf7 {[%clk 00:39:16]}
{[%emt 00:00:57]} 22. fxg3 {[%clk 01:08:38]} {[%emt 00:00:24]} Bc5+ {[%clk
00:37:07]} {[%emt 00:02:39]} 23. Be3 {[%clk 01:07:32]} {[%emt 00:01:36]} Bxe3+
{[%clk 00:37:12]} {[%emt 00:00:25]} 24. Qxe3 {[%clk 01:07:56]} {[%emt
00:00:06]} Nb5 {[%emt 00:00:44]} 25. Kh2 {[%clk 01:03:03]} {[%emt 00:05:21]}
Rbf8 {[%clk 00:34:59]} {[%emt 00:02:31]} 26. Rd2 {[%emt 00:00:50]} Nd6 {[%clk
00:34:49]} {[%emt 00:00:38]} 27. Bb3 {[%clk 01:00:43]} {[%emt 00:02:32]} Rf6
{[%clk 00:35:05]} {[%emt 00:00:14]} 28. Re1 {[%clk 00:55:51]} {[%emt 00:05:22]}
Nxe4 {[%clk 00:31:24]} {[%emt 00:04:11]} 29. Rde2 {[%clk 00:54:12]} {[%emt
00:02:09]} Qc5 {[%clk 00:29:41]} {[%emt 00:02:12]} 30. Qxc5 {[%clk 00:53:02]}
{[%emt 00:01:40]} Nxc5 {[%clk 00:29:52]} {[%emt 00:00:20]} 31. Bc4 {[%clk
00:51:43]} {[%emt 00:01:50]} e4 {[%clk 00:28:42]} {[%emt 00:01:39]} 32. b4
{[%clk 00:49:41]} {[%emt 00:02:32]} Nd3 {[%clk 00:27:53]} {[%emt 00:01:19]} 33.
Rd1 {[%clk 00:48:47]} {[%emt 00:01:24]} Rf2 {[%clk 00:25:55]} {[%emt 00:02:28]}
34. Rdd2 {[%clk 00:45:28]} {[%emt 00:03:48]} Rxe2 {[%clk 00:26:12]} {[%emt
00:00:14]} 35. Rxe2 {[%clk 00:45:52]} {[%emt 00:00:06]} c6 {[%clk 00:20:56]}
{[%emt 00:05:45]} 36. g4 {[%clk 00:44:56]} {[%emt 00:01:26]} Re8 {[%clk
00:16:09]} {[%emt 00:05:05]} 37. h4 {[%clk 00:43:16]} {[%emt 00:02:23]} Nf4
{[%clk 00:14:47]} {[%emt 00:01:51]} 38. Re3 {[%clk 00:42:45]} {[%emt 00:01:01]}
Nd5 {[%clk 00:14:58]} {[%emt 00:00:20]} 39. Bxd5 {[%clk 00:42:50]} {[%emt
00:00:25]} cxd5 {[%clk 00:15:23]} {[%emt 00:00:04]} 40. h5 {[%clk 00:42:25]}
{[%emt 00:00:56]} Bf7 {[%clk 00:15:33]} {[%emt 00:00:17]} 41. Kg1 {[%clk
00:39:06]} {[%emt 00:03:52]} Rf8 {[%clk 00:15:05]} {[%emt 00:00:58]} 42. Kh2
{[%clk 00:35:01]} {[%emt 00:04:36]} Be6 {[%clk 00:15:21]} {[%emt 00:00:13]} 43.
Kg3 {[%clk 00:34:31]} {[%emt 00:01:00]} Kh7 {[%clk 00:15:18]} {[%emt 00:00:33]}
44. Re2 {[%clk 00:33:26]} {[%emt 00:01:35]} Kh6 {[%clk 00:14:42]} {[%emt
00:01:06]} 45. c4 {[%clk 00:31:00]} {[%emt 00:02:57]} dxc4 {[%clk 00:10:35]}
{[%emt 00:04:36]} 46. Rxe4 {[%clk 00:31:21]} {[%emt 00:00:09]} Re8 {[%clk
00:09:51]} {[%emt 00:01:14]} 47. Kf2 {[%clk 00:29:53]} {[%emt 00:01:58]} Bf7
{[%clk 00:10:03]} {[%emt 00:00:17]} 48. Rd4 {[%clk 00:26:46]} {[%emt 00:03:39]}
Re7 {[%clk 00:09:54]} {[%emt 00:00:38]} 49. Rd1 {[%clk 00:25:49]} {[%emt
00:01:28]} Kg5 {[%clk 00:09:55]} {[%emt 00:00:28]} 50. Kg3 {[%clk 00:26:07]}
{[%emt 00:00:12]} Rc7 {[%clk 00:07:54]} {[%emt 00:02:30]} 51. Rc1 {[%clk
00:25:36]} {[%emt 00:01:02]} c3 {[%clk 00:08:02]} {[%emt 00:00:22]} 52. Kf3
{[%clk 00:25:57]} {[%emt 00:00:09]} c2 {[%clk 00:07:41]} {[%emt 00:00:51]} 53.
Ke2 {[%clk 00:22:29]} {[%emt 00:03:59]} Bb3 {[%clk 00:05:29]} {[%emt 00:02:40]}
54. g3 {[%clk 00:22:34]} {[%emt 00:00:26]} Rd7 {[%clk 00:05:49]} {[%emt
00:00:09]} 55. Rf1 {[%clk 00:22:19]} {[%emt 00:00:46]} Bc4+ {[%clk 00:06:10]}
{[%emt 00:00:09]} 56. Kf2 {[%clk 00:22:37]} {[%emt 00:00:11]} Bxf1 {[%clk
00:06:29]} {[%emt 00:00:12]} 0-1